000 00486nam a22001697a 4500
999 _c61387
_d61387
005 20240305103324.0
008 240305s2000 tu ||||| |||| 00| 0 tur d
020 _a975111960X
041 _atur
080 _a821.512.1-13+94(=512.1) D-29
245 _aDedem Korkudun kitabı.
264 _aIstanbul,
_c2000.
300 _a800 p.
_b24 cm.
653 _aხალხური ლიტერატურა
653 _aეპიკური ეპოსები
942 _2udc
_cBK